Juventus Kader 2023/24 - Statistiken

Allgemein
  • Dieses Quiz wurde 129 mal gespielt
  • Das Durchschnittsergebnis liegt bei 18 aus 26
Antwortstatistiken
Hint Antwort % Korrekt
ST Serbien Dusan Vlahovic
96%
CB Brasilien Gleison Bremer
93%
CM USA Weston McKennie
92%
CB Brasilien Danilo
89%
LM Serbien Filip Kostic
88%
LW Italien Federico Chiesa
87%
CF Türkei Kenan Yildiz
86%
GK Italien Mattia Perin
85%
RM USA Tim Weah
82%
ST Polen Arkadius Milik
80%
CM Italien Manuel Locatelli
80%
CM Frankreich Adrien Rabiot
79%
LB Brasilien Alex Sandro
79%
CB Italien Federico Gatti
74%
Coach Italien Massimiliano Allegri
74%
ST Italien Moise Kean
67%
GK Italien Carlo Pinsoglio
61%
GK Polen Wojciech Szczesny
60%
CM Italien Fabio Miretti
58%
RB Italien Mattia De Sciglio
56%
CB Italien Daniele Rugani
55%
LM England Samuel Iling Jr.
55%
CB Portugal Tiago Djalo
53%
LM Italien Andrea Cambiaso
51%
CM Italien Hans Nicolussi Caviglia
14%
CAM Argentinien Carlos Alcarez
8%
Keine übereinstimmenden Quizze gefunden
Verteilung der Resultate
Anzahl Personen mit jedem Resultat
Perzentil nach korrekt beantworteten Fragen
Ihre Resultats-Entwicklung
Sie haben dieses Quiz noch nicht gespielt